Rozpoznaj trenera po karierze #2 - Statystyki

Ogólne statystyki
  • Ten quiz został rozwiązany 39 razy
  • Średni wynik to 6 z 10
Statystyki odpowiedzi
Kariera Trener % Poprawnych
1974-1975 East Stirling BRAK DANYCH1975-1978 St. Mirren BRAK DANYCH 1978-1986 Aberdeen FC W-26 R-13 P-14 PNM-1,72 1985-1986 Szkocja W-3 R-4 P-3 PNM-1,30 1986-2013 Manchester United W-895 R-323 P-272 PNM-2,02 Sir Alex Ferguson
92%
2008-2011 Barça Atlètic W-59 R-40 P-25 PNM-1,752011-2012 AS Roma W-16 R-9 P-16 PNM-1,39 2013-2014 Celta Vigo W-15 R-7 P-18 PNM-1,30 2014-2017 FC Barcelona W-138 R-22 P-21 PNM-2,41 2018-2019 Hiszpania W-4 R-0 P-2 PNM-2,00 2019-2022 Hiszpania W-20 R-11 P-7 PNM-1,87 2023- PSG W-34 R-12 P-7 PNM-2,15 Luis Enrique
87%
2006 Racing Club W-5 R-3 P-6 PNM-1,292006-2007 Estudiantes LP W-34 R-15 P-12 PNM-1,92 2008 River Plate W-20 R-13 P-12 PNM-1,62 2009-2010 San Lorenzo W-21 R-9 P-17 PNM-1,53 2011 Catania Calcio W-7 R-3 P-8 PNM-1,33 2011 Racing Club W-8 R-10 P-2 PNM-1,70 2011- Atlético Madryt W-403 R-148 P-130 PNM-1,99 Diego Simeone
82%
2007-2009 Swansea City W-62 R-37 P-28 PNM-1,762009-2013 Wigan W-51 R-46 P-78 PNM-1,14 2013-2016 Everton W-62 R-37 P-44 PNM-1,56 2016-2022 Belgia W-56 R-13 P-11 PNM-2,26 2023- Portugalia W-16 R-0 P-4 PNM-2,40 Roberto Martínez
76%
1990-1991 Lecce W-9 R-15 P-16 PNM-1,051991-1992 Bari W-6 R-10 P-15 PNM-0,90 1992-1993 Sambenedettese W-0 R-6 P-4 PNM-0,60 1995 Avellino W-5 R-3 P-4 PNM-1,50 2002 Polska W-2 R-1 P-2 PNM-1,40 Zbigniew Boniek
63%
2018-2019 AS Monaco W-5 R-4 P-11 PNM-0,952019-2021 Montreal W-9 R-4 P-16 PNM-1,07 2023- Francja U-21 W-4 R-0 P-2 PNM-2,00 Thierry Henry
53%
2020-2021 Juventus W-34 R-10 P-8 PNM-2,152022-2023 Karagümrük W-11 R-11 P-12 PNM-1,29 2023- Sampdoria W-17 R-9 P-15 PNM-1,46 Andrea Pirlo
47%
2016-2017 Vigontina W-4 R-11 P-11 PNM-0,882017-2018 Arzignano W-22 R-10 P-6 PNM-2,00 2018-2019 Trapani W-27 R-11 P-9 PNM-1,96 2019-2021 Spezia W-32 R-22 P-32 PNM-1,37 2021-2024 Fiorentina W-79 R-34 P-49 PNM-1,67 2024- Bologna W-0 R-0 P-0 PNM-0 Vincenzo Italiano
32%
2016-2017 Real Oviedo W-17 R-10 P-16 PNM-1,422018 Hiszpania W-1 R-2 P-1 PNM-1,25 Fernando Hierro
29%
2011-2012 Montreal W-12 R-7 P-17 PNM-1,192015-2018 New York Red Bulls W-76 R-30 P-45 PNM-1,71 2019-2021 RB Salzburg W-64 R-13 P-17 PNM-2,18 2021 RB Leipzig W-7 R-4 P-9 PNM-1,26 2022-2023 Leeds United W-11 R-10 P-16 PNM-1,16 2024- Kanada W-2 R-2 P-4 PNM-1,00 Jesse Marsch
26%
Nie znaleziono quizów pasujących do podanych kryteriów
Rozkład punktacji
Procent ludzi z każdym wynikiem
Percentyl według liczby udzielonych odpowiedzi
Twoja historia wyników
Nie rozwiązałeś tego quizu